Monetárna politika ECB diplomová práca

Gespeichert in:
Bibliographische Detailangaben
1. Verfasser: Štefancová, Monika
Körperschaft: Národohospodárska fakulta EU. Katedra bankovníctva a medzinárodných financií
Weitere Verfasser: Šturc, Boris, 1961-
Format: Buch
Sprache:Slowakisch
Veröffentlicht: Bratislava 2017
Tags: Tag hinzufügen
Keine Tags, Fügen Sie das erste Tag hinzu!

MARC

LEADER 00000nbm a2200000 4500
001 0231744
005 20180112121258.6
041 0 |a slo 
044 |a SK 
245 1 0 |a Monetárna politika ECB  |b diplomová práca  |c Monika Štefancová ; školiteľ: Boris Šturc 
264 1 |a Bratislava  |c 2017 
300 |a 54 s. 
100 1 |a Štefancová, Monika 
700 1 |a Šturc, Boris, 1961- 
710 2 |a Národohospodárska fakulta EU. Katedra bankovníctva a medzinárodných financií